[Event "SB-2019-0-00571"]
[Site "LSS email"]
[Date "2019.05.18"]
[Round "?"]
[White "Reyes Sablon, Alberto"]
[Black "Vysotskiy, Evgeniy"]
[Result "1/2-1/2"]
[WhiteElo "1938"]
[BlackElo "1904"]
[PlyCount "41"]
[EventDate "2019.03.16"]
[EventType "tourn (corr)"]
[EventRounds "6"]
[EventCountry "GER"]
[SourceTitle "Corr 2022"]
[Source "ChessBase"]
[SourceDate "2021.10.24"]
[SourceVersion "1"]
[SourceVersionDate "2021.10.24"]
[SourceQuality "1"]

1. d4 d5 2. c4 e6 3. Nc3 Bb4 4. Nf3 Nf6 5. Bg5 dxc4 6. e4 c5 7. Bxc4 cxd4 8. Nxd4 Qa5 9. Bxf6 Bxc3+ 10. bxc3 Qxc3+ 11. Kf1 gxf6 12. Rc1 Qa5 13. Bb5+ Ke7 14. e5 fxe5 15. Qh5 Nd7 16. Qg5+ Kf8 17. Rxc8+ Rxc8 18. Bxd7 Qd8 19. Nxe6+ fxe6 20. Qh6+ Kf7 21. Qxe6+ 1/2-1/2

[Event "SC-2019-0-00371"]
[Site "LSS email"]
[Date "2019.05.01"]
[Round "?"]
[White "Vysotskiy, Evgeniy"]
[Black "Krug, Evgeny"]
[Result "1/2-1/2"]
[WhiteElo "1900"]
[BlackElo "1812"]
[PlyCount "55"]
[EventDate "2019.02.08"]
[EventType "tourn (corr)"]
[EventRounds "6"]
[EventCountry "GER"]
[SourceTitle "Corr 2022"]
[Source "ChessBase"]
[SourceDate "2021.10.24"]
[SourceVersion "1"]
[SourceVersionDate "2021.10.24"]
[SourceQuality "1"]

1. d4 d5 2. c4 e6 3. Nc3 c5 4. cxd5 exd5 5. Nf3 cxd4 6. Nxd4 Nf6 7. Bg5 Be7 8. e3 0-0 9. Be2 h6 10. Bf4 Bd6 11. Bxd6 Qxd6 12. 0-0 Nc6 13. Rc1 Bd7 14. Qd3 Ne5 15. Qd2 Ne4 16. Qc2 Nxc3 17. Qxc3 Rfc8 18. Qb3 b6 19. Rfd1 Ng4 20. Bxg4 Bxg4 21. Rxc8+ Rxc8 22. Rf1 Bh5 23. Qb5 Qd8 24. Qd3 Rc5 25. Qf5 Bg6 26. Qg4 Qc7 27. Rd1 Bc2 28. Re1 1/2-1/2

[Event "SB-2018-0-00534"]
[Site "LSS email"]
[Date "2018.06.01"]
[Round "?"]
[White "Vysotskiy, Evgeniy"]
[Black "Vodicka, Milan"]
[Result "1/2-1/2"]
[WhiteElo "1869"]
[BlackElo "2054"]
[PlyCount "44"]
[EventDate "2018.05.03"]
[EventType "tourn (corr)"]
[EventRounds "6"]
[EventCountry "GER"]
[SourceTitle "Corr 2022"]
[Source "ChessBase"]
[SourceDate "2021.10.24"]
[SourceVersion "1"]
[SourceVersionDate "2021.10.24"]
[SourceQuality "1"]

1. e4 c6 2. d4 d5 3. Nc3 dxe4 4. Nxe4 Nf6 5. Nxf6+ gxf6 6. Nf3 Bg4 7. Be3 Qc7 8. Be2 Nd7 9. Nh4 Bxe2 10. Qxe2 e6 11. 0-0-0 Nb6 12. c4 0-0-0 13. b3 h5 14. g3 c5 15. f4 cxd4 16. Bxd4 Nd7 17. Kb1 Be7 18. Rhe1 Nc5 19. Bc3 Qc6 20. Kc2 Qa6 21. Kb2 Rhe8 22. Kb1 Qb6 1/2-1/2

[Event "SC-2018-0-00351"]
[Site "LSS email"]
[Date "2018.05.29"]
[Round "?"]
[White "Krug, Evgeny"]
[Black "Vysotskiy, Evgeniy"]
[Result "1/2-1/2"]
[WhiteElo "1796"]
[BlackElo "1869"]
[PlyCount "47"]
[EventDate "2018.03.21"]
[EventType "tourn (corr)"]
[EventRounds "6"]
[EventCountry "GER"]
[SourceTitle "Corr 2022"]
[Source "ChessBase"]
[SourceDate "2021.10.24"]
[SourceVersion "1"]
[SourceVersionDate "2021.10.24"]
[SourceQuality "1"]

1. Nf3 Nf6 2. Nc3 Nc6 3. e4 e5 4. Bc4 Nxe4 5. Nxe4 d5 6. Bd3 Nb4 7. Ng3 e4 8. Be2 exf3 9. Bxf3 Qe7+ 10. Kf1 Be6 11. d4 g6 12. h4 0-0-0 13. c3 Nc6 14. b4 Qd7 15. Ne2 Bg4 16. Bxg4 Qxg4 17. Bg5 Rd6 18. a4 Bg7 19. f3 Qf5 20. Bf4 Rdd8 21. Qd2 Rde8 22. Kf2 h5 23. Rad1 Kb8 24. Nc1 1/2-1/2

[Event "SC-2018-0-00351"]
[Site "LSS email"]
[Date "2018.05.29"]
[Round "?"]
[White "Martins, Karin"]
[Black "Vysotskiy, Evgeniy"]
[Result "1/2-1/2"]
[WhiteElo "1742"]
[BlackElo "1869"]
[PlyCount "63"]
[EventDate "2018.03.21"]
[EventType "tourn (corr)"]
[EventRounds "6"]
[EventCountry "GER"]
[SourceTitle "Corr 2022"]
[Source "ChessBase"]
[SourceDate "2021.10.24"]
[SourceVersion "1"]
[SourceVersionDate "2021.10.24"]
[SourceQuality "1"]

1. e4 e5 2. Nf3 Nf6 3. Nc3 Nc6 4. Bb5 Bb4 5. 0-0 0-0 6. Bc4 Bxc3 7. dxc3 d6 8. Nd2 Bg4 9. f3 Bd7 10. Bd3 Nh5 11. g3 Bh3 12. Re1 f5 13. exf5 Bxf5 14. Bxf5 Rxf5 15. Ne4 Qe8 16. Qd5+ Kh8 17. Rf1 Qg6 18. Bd2 Raf8 19. Rae1 a6 20. Be3 Nf4 21. Qd1 Ne7 22. a4 Ne6 23. c4 R5f7 24. c3 b6 25. Kh1 Qh5 26. Rf2 a5 27. b3 h6 28. Rg1 g5 29. Rgf1 Qg6 30. Qd3 Rd8 31. Re1 Rdf8 32. Ref1 1/2-1/2

[Event "SC-2018-0-00351"]
[Site "LSS email"]
[Date "2018.05.29"]
[Round "?"]
[White "Vysotskiy, Evgeniy"]
[Black "Mostowik, Pawel"]
[Result "1/2-1/2"]
[WhiteElo "1869"]
[BlackElo "1860"]
[PlyCount "60"]
[EventDate "2018.03.21"]
[EventType "tourn (corr)"]
[EventRounds "6"]
[EventCountry "GER"]
[SourceTitle "Corr 2022"]
[Source "ChessBase"]
[SourceDate "2021.10.24"]
[SourceVersion "1"]
[SourceVersionDate "2021.10.24"]
[SourceQuality "1"]

1. e4 c5 2. Nf3 Nc6 3. Nc3 e6 4. d4 cxd4 5. Nxd4 Nf6 6. Be2 Bb4 7. 0-0 0-0 8. Nxc6 dxc6 9. Qxd8 Rxd8 10. e5 Nd5 11. Ne4 Be7 12. Rd1 b6 13. c4 Ba6 14. a3 c5 15. Bd2 f5 16. exf6 Nxf6 17. Ng5 e5 18. Bc3 Nd5 19. Ne6 Nxc3 20. bxc3 Rxd1+ 21. Rxd1 Bc8 22. Bf3 Rb8 23. Bd5 Kh8 24. Nc7 Bf5 25. Nb5 a6 26. Nc7 Rd8 27. Nxa6 Bd6 28. Bb7 g5 29. g3 e4 30. Rd2 h5 1/2-1/2

[Event "SC-2016-0-00301"]
[Site "LSS email"]
[Date "2016.09.10"]
[Round "?"]
[White "Novikov, Konstantin Ivan"]
[Black "Vysotskiy, Evgeniy"]
[Result "1/2-1/2"]
[WhiteElo "1835"]
[BlackElo "1867"]
[PlyCount "93"]
[EventDate "2016.07.25"]
[EventType "tourn (corr)"]
[EventRounds "6"]
[EventCountry "GER"]
[SourceTitle "Corr 2022"]
[Source "ChessBase"]
[SourceDate "2021.10.24"]
[SourceVersion "1"]
[SourceVersionDate "2021.10.24"]
[SourceQuality "1"]

1. e4 c5 2. Nf3 Nc6 3. Nc3 Nf6 4. Bb5 e5 5. Bxc6 dxc6 6. Nxe5 Nxe4 7. Nxe4 Qd5 8. 0-0 Qxe5 9. Re1 Be7 10. d3 0-0 11. Qd2 Rd8 12. Qf4 Qxf4 13. Bxf4 h6 14. h3 Be6 15. b3 Rd7 16. a4 b6 17. Re3 Re8 18. g4 Kh7 19. Kg2 Kg6 20. Bh2 h5 21. f3 Rh8 22. Be5 Bd5 23. Rae1 a6 24. f4 f6 25. f5+ Kf7 26. Bg3 hxg4 27. hxg4 g6 28. fxg6+ Kxg6 29. Rf3 Bd8 30. c4 Bxe4 31. Rxe4 a5 32. Re6 Kg5 33. Be5 Kxg4 34. Bxf6 Rh2+ 35. Kxh2 Kxf3 36. Bxd8 Rxd8 37. Rxc6 Rb8 38. Re6 Kf2 39. Kh3 Kf3 40. Kh4 Kf4 41. Re4+ Kf5 42. Kg3 Rd8 43. Re3 Rh8 44. Kg2 Rh6 45. Re7 Kf4 46. Re4+ Kf5 47. Re8 1/2-1/2

[Event "LSS No Engine Cup 139 Final"]
[Site "LSS email"]
[Date "2016.05.07"]
[Round "?"]
[White "Kocian, Stefan"]
[Black "Vysotskiy, Evgeniy"]
[Result "0-1"]
[WhiteElo "1459"]
[BlackElo "2014"]
[PlyCount "26"]
[EventDate "2016.05.08"]
[EventType "tourn (corr)"]
[EventRounds "6"]
[EventCountry "GER"]
[SourceTitle "Corr 2022"]
[Source "ChessBase"]
[SourceDate "2021.10.24"]
[SourceVersion "1"]
[SourceVersionDate "2021.10.24"]
[SourceQuality "1"]

1. e4 e5 2. Nf3 Nf6 3. Nxe5 d6 4. Nf3 Nxe4 5. d4 d5 6. Bd3 Be7 7. 0-0 0-0 8. c4 Nc6 9. Nc3 Nxc3 10. bxc3 dxc4 11. Bxc4 Bf5 12. Re1 Qd7 13. Bb5 Bf6 0-1

[Event "CP-2015-P-00013"]
[Site "LSS email"]
[Date "2015.09.28"]
[Round "?"]
[White "Vysotskiy, Evgeniy"]
[Black "Hlavica, Bretislav"]
[Result "0-1"]
[WhiteElo "1879"]
[BlackElo "2115"]
[PlyCount "106"]
[EventDate "2015.10.01"]
[EventType "tourn (corr)"]
[EventRounds "6"]
[EventCountry "GER"]
[SourceTitle "Corr 2022"]
[Source "ChessBase"]
[SourceDate "2021.10.24"]
[SourceVersion "1"]
[SourceVersionDate "2021.10.24"]
[SourceQuality "1"]

1. e4 g6 2. Nc3 c5 3. Nf3 Nc6 4. d4 cxd4 5. Nxd4 Bg7 6. Nxc6 bxc6 7. Bc4 d6 8. 0-0 Bb7 9. Be3 Qc7 10. Qd2 Nf6 11. Rfe1 0-0 12. Bf4 Nd7 13. Rab1 Nb6 14. Bd3 e5 15. Bh6 d5 16. Bxg7 Kxg7 17. exd5 cxd5 18. Nb5 Qb8 19. Qb4 Bc6 20. Qc3 Bxb5 21. Bxb5 f6 22. Red1 Qd6 23. Qa5 Rfc8 24. c3 a6 25. Bf1 Rc5 26. Qa3 Qc6 27. h4 a5 28. Be2 Rc8 29. Qb3 f5 30. h5 Nd7 31. Qc2 Nf6 32. Qd3 a4 33. Qe3 f4 34. Qh3 Rb8 35. c4 dxc4 36. h6+ Kf7 37. Qc3 Ne4 38. Qc2 Ng5 39. Rbc1 Kf6 40. Qc3 Ne4 41. Qe1 Qc7 42. Bg4 Nd6 43. Rc2 Kg5 44. Be6 Re8 45. Bh3 Rd8 46. Be6 Qe7 47. Bh3 Nb5 48. Rdc1 Qc7 49. Rb1 Nd4 50. Rc3 a3 51. bxa3 Nb5 52. Rcc1 c3 53. a4 Nd4 0-1

[Event "LSS No Engine Cup 139 Preliminary 0"]
[Site "LSS email"]
[Date "2015.09.23"]
[Round "?"]
[White "Giavassopoulos, Tom"]
[Black "Vysotskiy, Evgeniy"]
[Result "0-1"]
[WhiteElo "1600"]
[BlackElo "2007"]
[PlyCount "50"]
[EventDate "2015.09.24"]
[EventType "tourn (corr)"]
[EventRounds "6"]
[EventCountry "GER"]
[SourceTitle "Corr 2022"]
[Source "ChessBase"]
[SourceDate "2021.10.24"]
[SourceVersion "1"]
[SourceVersionDate "2021.10.24"]
[SourceQuality "1"]

1. d4 d5 2. Nf3 Nf6 3. c4 e6 4. Nc3 Be7 5. e3 c5 6. Be2 dxc4 7. Bxc4 0-0 8. 0-0 a6 9. d5 b5 10. Bb3 c4 11. Bc2 exd5 12. Nxd5 Qxd5 13. Qxd5 Nxd5 14. Rd1 Bb7 15. Be4 Rd8 16. Bxd5 Bxd5 17. Nd4 Nc6 18. Nxc6 Bxc6 19. Bd2 b4 20. Be1 Bf6 21. Rab1 Bxb2 22. Rxd8+ Rxd8 23. Rxb2 c3 24. Rxb4 c2 25. Rc4 Rd1 0-1

[Event "LSS No Engine Cup 124 Final"]
[Site "LSS email"]
[Date "2015.09.21"]
[Round "?"]
[White "Novikov, Konstantin Ivan"]
[Black "Vysotskiy, Evgeniy"]
[Result "1-0"]
[WhiteElo "1900"]
[BlackElo "2007"]
[PlyCount "79"]
[EventDate "2015.09.22"]
[EventType "tourn (corr)"]
[EventRounds "6"]
[EventCountry "GER"]
[SourceTitle "Corr 2022"]
[Source "ChessBase"]
[SourceDate "2021.10.24"]
[SourceVersion "1"]
[SourceVersionDate "2021.10.24"]
[SourceQuality "1"]

1. d4 Nf6 2. Nc3 d5 3. Nf3 Nc6 4. Bf4 Bf5 5. e3 e6 6. Bb5 Bd6 7. Ne5 0-0 8. Bxc6 bxc6 9. 0-0 Qe8 10. Rb1 h6 11. h3 c5 12. dxc5 Bxc5 13. b4 Bb6 14. a4 Rd8 15. b5 d4 16. exd4 Rxd4 17. Qf3 Qa8 18. Nc6 Rc4 19. Rbd1 Ba5 20. Be5 Bxc3 21. Bxc3 Be4 22. Qg3 Nh5 23. Qg4 Kh7 24. Ba1 Nf6 25. Qg3 Bxc6 26. Qd3+ Kg8 27. Bxf6 gxf6 28. Qxc4 Bxg2 29. Rfe1 Bxh3 30. Qe4 Bf5 31. Qxa8 Rxa8 32. Rd7 Rc8 33. Red1 Bxc2 34. Rd8+ Kg7 35. Rxc8 Bxd1 36. a5 Ba4 37. Rxc7 Bxb5 38. Rxa7 Be2 39. Kg2 Bc4 40. a6 1-0

[Event "LSS No Engine Cup 124 Final"]
[Site "LSS email"]
[Date "2015.09.21"]
[Round "?"]
[White "Vysotskiy, Evgeniy"]
[Black "Kolanek, Roman"]
[Result "1/2-1/2"]
[WhiteElo "2007"]
[BlackElo "2307"]
[PlyCount "53"]
[EventDate "2015.09.22"]
[EventType "tourn (corr)"]
[EventRounds "6"]
[EventCountry "GER"]
[SourceTitle "Corr 2022"]
[Source "ChessBase"]
[SourceDate "2021.10.24"]
[SourceVersion "1"]
[SourceVersionDate "2021.10.24"]
[SourceQuality "1"]

1. d4 Nf6 2. Nf3 d5 3. c4 e6 4. Nc3 Be7 5. e3 0-0 6. a3 Nbd7 7. cxd5 exd5 8. h3 b6 9. Be2 Bb7 10. b4 c6 11. 0-0 Bd6 12. Qc2 b5 13. Bd3 a5 14. bxa5 Rxa5 15. Re1 h6 16. e4 dxe4 17. Nxe4 Nxe4 18. Bxe4 Nf6 19. Bd3 b4 20. Ne5 c5 21. Nc4 cxd4 22. Rb1 Rc5 23. axb4 Rc8 24. b5 Bd5 25. Qa4 Bb8 26. Ba3 Bxc4 27. Bxc4 1/2-1/2

[Event "LSS No Engine Cup 124 Final"]
[Site "LSS email"]
[Date "2015.09.21"]
[Round "?"]
[White "Vysotskiy, Evgeniy"]
[Black "Zonneveld, Will"]
[Result "1/2-1/2"]
[WhiteElo "2007"]
[BlackElo "2198"]
[PlyCount "41"]
[EventDate "2015.09.22"]
[EventType "tourn (corr)"]
[EventRounds "6"]
[EventCountry "GER"]
[SourceTitle "Corr 2022"]
[Source "ChessBase"]
[SourceDate "2021.10.24"]
[SourceVersion "1"]
[SourceVersionDate "2021.10.24"]
[SourceQuality "1"]

1. d4 Nf6 2. Nf3 e6 3. c4 b6 4. a3 Bb7 5. Nc3 d5 6. cxd5 Nxd5 7. Bd2 Be7 8. Qc2 Nxc3 9. Bxc3 Qd5 10. e3 Nd7 11. Bd3 Nf6 12. 0-0 Bd6 13. Bb4 0-0 14. Rfe1 c5 15. dxc5 Bxc5 16. e4 Qh5 17. Bxc5 Rfc8 18. Qd2 Qxc5 19. Rac1 Qa5 20. Qxa5 bxa5 21. e5 1/2-1/2

[Event "SC-2015-0-00272"]
[Site "LSS email"]
[Date "2015.09.10"]
[Round "?"]
[White "Vysotskiy, Evgeniy"]
[Black "Zimmermann, Matthias"]
[Result "1-0"]
[WhiteElo "1852"]
[BlackElo "1879"]
[PlyCount "47"]
[EventDate "2015.08.16"]
[EventType "tourn (corr)"]
[EventRounds "6"]
[EventCountry "GER"]
[SourceTitle "Corr 2022"]
[Source "ChessBase"]
[SourceDate "2021.10.24"]
[SourceVersion "1"]
[SourceVersionDate "2021.10.24"]
[SourceQuality "1"]

1. e4 c5 2. Nf3 d6 3. Bc4 Nf6 4. Nc3 e6 5. d4 Nxe4 6. Nxe4 cxd4 7. Bb5+ Bd7 8. Bxd7+ Nxd7 9. Qxd4 d5 10. Nc3 a6 11. 0-0 Nf6 12. Bf4 Be7 13. Be5 0-0 14. a3 Rc8 15. Rfe1 Bc5 16. Qh4 Nd7 17. Qxd8 Rfxd8 18. Bd4 Bxd4 19. Nxd4 h6 20. f4 g6 21. Kf2 Kg7 22. Nd1 Re8 23. g3 Nb6 24. c3 1-0

[Event "SC-2015-0-00270"]
[Site "LSS email"]
[Date "2015.08.30"]
[Round "?"]
[White "Schulz, Hans Juergen"]
[Black "Vysotskiy, Evgeniy"]
[Result "1-0"]
[WhiteElo "1686"]
[BlackElo "1832"]
[PlyCount "87"]
[EventDate "2015.07.17"]
[EventType "tourn (corr)"]
[EventRounds "6"]
[EventCountry "GER"]
[SourceTitle "Corr 2022"]
[Source "ChessBase"]
[SourceDate "2021.10.24"]
[SourceVersion "1"]
[SourceVersionDate "2021.10.24"]
[SourceQuality "1"]

1. e4 e5 2. Nf3 Nc6 3. Bb5 a6 4. Ba4 Be7 5. 0-0 Nf6 6. Re1 b5 7. Bb3 d6 8. c3 0-0 9. h3 Re8 10. d4 h6 11. Nbd2 Bf8 12. Nf1 Bd7 13. Ng3 Na5 14. Bc2 c5 15. b3 Qc7 16. d5 Be7 17. Be3 Rab8 18. Qe2 Ra8 19. Reb1 Rab8 20. Bd3 Rec8 21. Nd2 c4 22. bxc4 Nxc4 23. Nxc4 bxc4 24. Rxb8 Rxb8 25. Bxc4 Bd8 26. a4 Qa5 27. Bxa6 Qxc3 28. Qd1 Qa5 29. Qd3 Rb4 30. Bd2 Rxa4 31. Bxa5 Rxa1+ 32. Kh2 Rxa5 33. Qb3 Kf8 34. Bb7 Bc7 35. Bc6 Bc8 36. Bb5 Ra7 37. Qe3 Ra1 38. Ne2 Nd7 39. f4 f6 40. Qg3 Rb1 41. fxe5 fxe5 42. Nc3 Rb2 43. Bc6 Nf6 44. Nb5 1-0

[Event "SC-2015-0-00264"]
[Site "LSS email"]
[Date "2015.06.20"]
[Round "?"]
[White "Castignani, Fausto"]
[Black "Vysotskiy, Evgeniy"]
[Result "1-0"]
[WhiteElo "1840"]
[BlackElo "1886"]
[PlyCount "101"]
[EventDate "2015.05.07"]
[EventType "tourn (corr)"]
[EventRounds "6"]
[EventCountry "GER"]
[SourceTitle "Corr 2022"]
[Source "ChessBase"]
[SourceDate "2021.10.24"]
[SourceVersion "1"]
[SourceVersionDate "2021.10.24"]
[SourceQuality "1"]

1. e4 e5 2. Nf3 Nf6 3. Nxe5 d6 4. Nf3 Nxe4 5. d4 d5 6. Bd3 Bb4+ 7. c3 Be7 8. 0-0 Be6 9. Nbd2 f5 10. Qb3 Qc8 11. c4 c6 12. Nb1 a5 13. Nc3 a4 14. Qc2 Na6 15. a3 dxc4 16. Bxe4 fxe4 17. Nxe4 0-0 18. Bg5 Rxf3 19. gxf3 Bf8 20. Bf4 b5 21. Kh1 Bf7 22. Rg1 Qf5 23. Qd2 Nc7 24. Rg5 Qc8 25. Rag1 Nd5 26. Be5 Bg6 27. R1g3 Ra7 28. h4 Qe8 29. Kh2 Rd7 30. Qe1 Be7 31. R5g4 Bf8 32. Qg1 Qe7 33. Rg5 Bxe4 34. fxe4 Nf6 35. Qg2 Qe6 36. Rf5 Rf7 37. Rgf3 Be7 38. h5 Kf8 39. Qg3 Ke8 40. d5 Qd7 41. h6 Ng4+ 42. Qxg4 g6 43. dxc6 Qe6 44. Kg2 gxf5 45. Qg8+ Bf8 46. Rxf5 Rf6 47. Qxe6+ Rxe6 48. c7 Rg6+ 49. Kf1 Rc6 50. Rf6 Rxc7 51. Bxc7 1-0

[Event "SC-2015-0-00263"]
[Site "LSS email"]
[Date "2015.06.18"]
[Round "?"]
[White "Krug, Evgeny"]
[Black "Vysotskiy, Evgeniy"]
[Result "1/2-1/2"]
[WhiteElo "1768"]
[BlackElo "1886"]
[PlyCount "86"]
[EventDate "2015.05.02"]
[EventType "tourn (corr)"]
[EventRounds "6"]
[EventCountry "GER"]
[SourceTitle "Corr 2022"]
[Source "ChessBase"]
[SourceDate "2021.10.24"]
[SourceVersion "1"]
[SourceVersionDate "2021.10.24"]
[SourceQuality "1"]

1. e4 c5 2. Nf3 Nc6 3. Nc3 Nf6 4. d4 cxd4 5. Nxd4 e6 6. Ndb5 d6 7. Be2 Be7 8. 0-0 a6 9. Nd4 0-0 10. Be3 e5 11. Nb3 Be6 12. Bf3 Na5 13. Nxa5 Qxa5 14. Qd2 Qc7 15. a4 a5 16. Rac1 h6 17. b3 b6 18. Rfd1 Qb7 19. Qd3 Rfd8 20. h3 Rab8 21. Re1 Nd7 22. Red1 Nf6 23. Re1 Nd7 24. Rcd1 Rbc8 25. Bg4 Nc5 26. Qb5 Rf8 27. Nd5 Bd8 28. Bf5 Qc6 29. Qe2 Qb7 30. Qg4 Kh8 31. Bxc5 Rxc5 32. Bxe6 fxe6 33. Qxe6 Rxc2 34. Qxd6 Rcxf2 35. Rf1 Qf7 36. Qxf8+ Qxf8 37. Rxf2 Qc5 38. g3 b5 39. axb5 Bb6 40. Nxb6 Qxb6 41. Rdd2 Qxb5 42. Rf3 Qb4 43. Re2 Qd4+ 1/2-1/2

[Event "SC-2015-0-00264"]
[Site "LSS email"]
[Date "2015.06.18"]
[Round "?"]
[White "Novikov, Konstantin Ivan"]
[Black "Vysotskiy, Evgeniy"]
[Result "1/2-1/2"]
[WhiteElo "1848"]
[BlackElo "1886"]
[PlyCount "84"]
[EventDate "2015.05.07"]
[EventType "tourn (corr)"]
[EventRounds "6"]
[EventCountry "GER"]
[SourceTitle "Corr 2022"]
[Source "ChessBase"]
[SourceDate "2021.10.24"]
[SourceVersion "1"]
[SourceVersionDate "2021.10.24"]
[SourceQuality "1"]

1. e4 c5 2. c3 Nf6 3. e5 Nd5 4. d4 cxd4 5. cxd4 d6 6. Nf3 Nc6 7. Bc4 dxe5 8. dxe5 Be6 9. Qe2 g6 10. 0-0 Qc7 11. Bd2 Rd8 12. Nc3 Bg7 13. Rac1 0-0 14. Rfe1 Qd7 15. Ne4 Bg4 16. Neg5 Nd4 17. Qe4 Nxf3+ 18. Nxf3 Nb6 19. Bb4 Nxc4 20. Rxc4 Bf5 21. Qh4 Rfe8 22. Rd4 Qc7 23. Rxd8 Qxd8 24. Bc3 Qd5 25. a3 h5 26. Nd4 Bxe5 27. Nxf5 Bxc3 28. Qxe7 Rxe7 29. Nxe7+ Kf8 30. Nxd5 Bxe1 31. Kf1 Bd2 32. b3 Bc1 33. a4 Ba3 34. Ke2 Ke8 35. Nf4 Bd6 36. Ke3 Kd7 37. Ke4 Kc6 38. g3 Bxf4 39. gxf4 Kd6 40. a5 b6 41. axb6 axb6 42. f5 g5 1/2-1/2

[Event "SC-2015-0-00262"]
[Site "LSS email"]
[Date "2015.06.14"]
[Round "?"]
[White "Vysotskiy, Evgeniy"]
[Black "Krug, Evgeny"]
[Result "1/2-1/2"]
[WhiteElo "1892"]
[BlackElo "1773"]
[PlyCount "88"]
[EventDate "2015.04.03"]
[EventType "tourn (corr)"]
[EventRounds "6"]
[EventCountry "GER"]
[SourceTitle "Corr 2022"]
[Source "ChessBase"]
[SourceDate "2021.10.24"]
[SourceVersion "1"]
[SourceVersionDate "2021.10.24"]
[SourceQuality "1"]

1. e4 e5 2. Nf3 Nc6 3. Bc4 Bc5 4. Nc3 Nf6 5. 0-0 0-0 6. d3 h6 7. h3 d6 8. Na4 a6 9. Nxc5 dxc5 10. c3 Qd6 11. Be3 b6 12. d4 cxd4 13. cxd4 exd4 14. e5 Nxe5 15. Bf4 Nfd7 16. Re1 Qc5 17. Bb3 Nxf3+ 18. Qxf3 Qf5 19. Qxa8 Qxf4 20. Re7 Ne5 21. Re1 Nd3 22. R1e2 Be6 23. Re8 Rxe8 24. Qxe8+ Kh7 25. Bxe6 fxe6 26. Qxe6 c5 27. Qc6 b5 28. a3 Qf5 29. Qxa6 Qd5 30. Re7 Qf5 31. Qd6 Qxf2+ 32. Kh2 Qh4 33. Re8 c4 34. Qf8 Qf4+ 35. Qxf4 Nxf4 36. Re4 Nd3 37. Rxd4 Nxb2 38. Re4 c3 39. Re2 Kg6 40. g4 Kf6 41. Kg3 g5 42. Kf2 b4 43. axb4 Nd3+ 44. Ke3 Nxb4 1/2-1/2

[Event "SB-2015-0-00407"]
[Site "LSS email"]
[Date "2015.03.19"]
[Round "?"]
[White "Reppert, Victor"]
[Black "Vysotskiy, Evgeniy"]
[Result "1/2-1/2"]
[WhiteElo "1916"]
[BlackElo "1902"]
[PlyCount "97"]
[EventDate "2015.01.20"]
[EventType "tourn (corr)"]
[EventRounds "6"]
[EventCountry "GER"]
[SourceTitle "Corr 2022"]
[Source "ChessBase"]
[SourceDate "2021.10.24"]
[SourceVersion "1"]
[SourceVersionDate "2021.10.24"]
[SourceQuality "1"]

1. e4 e5 2. Nf3 Nc6 3. Bb5 a6 4. Ba4 Nf6 5. 0-0 b5 6. Bb3 Bb7 7. d3 Bc5 8. a4 0-0 9. Nc3 b4 10. Nd5 h6 11. Be3 Bxe3 12. fxe3 Na5 13. Nxf6+ Qxf6 14. Ba2 Rae8 15. Nd4 Qg5 16. Nf5 Kh7 17. h4 Qg6 18. h5 Qf6 19. Qe1 c5 20. Rf3 d5 21. exd5 e4 22. Rf2 exd3 23. cxd3 Bc8 24. d4 Bxf5 25. dxc5 Qg5 26. Qxb4 Be4 27. Re1 Re5 28. Qxa5 Bxd5 29. Bxd5 Rxd5 30. e4 Rxc5 31. Qxa6 Ra5 32. Qd6 Rfa8 33. b3 Qxh5 34. e5 Re8 35. Qd3+ Kg8 36. Ref1 Qxe5 37. Rxf7 Qc5+ 38. Kh1 Qh5+ 39. Qh3 Qg6 40. R7f5 Rae5 41. Rxe5 Rxe5 42. Qf3 Qe6 43. Kg1 Qb6+ 44. Kh2 Qc5 45. Rf2 Rh5+ 46. Kg1 Re5 47. g3 Re3 48. Qf7+ Kh7 49. Kg2 1/2-1/2